000 00262 a2200097 4500
001 34090
100 _aRizzi Peter A.
245 _aMicrowave engineering : passive circuits
260 _aEnglewood Cliffs, New Jersey
_bPrentice HAll
_c1988
090 _c22548
_d22548
942 _aNUST-CAE
_cM
_c13945
999 _c269163
_d269163